[Event "2nd Lille Open"]
[Site "Lille FRA"]
[Date "2011.04.26"]
[Round "2.14"]
[White "Soyez,C"]
[Black "Abergel,T"]
[Result "0-1"]
[WhiteElo "2228"]
[BlackElo "2520"]

1.c4 e5 2.g3 Nf6 3.Bg2 d5 4.cxd5 Nxd5 5.Nc3 Nb6 6.d3 Be7 7.f4 N8d7 8.Nf3 exf4
9.Bxf4 Nf6 10.O-O O-O 11.Rc1 c6 12.e4 Re8 13.Kh1 h6 14.Qd2 Be6 15.Nh4 Nh5
16.Nf3 Nf6 17.Nh4 Qd7 18.e5 Nh7 19.Ne4 g5 20.Nf6+ Nxf6 21.Bxg5 Ne4 22.Bxe4 Bxg5
23.Qe2 Bd5  0-1

[Event "Oberhausen Easter Open"]
[Site "Oberhausen GER"]
[Date "2011.04.26"]
[Round "7.8"]
[White "Naundorf,M"]
[Black "Hort,V"]
[Result "0-1"]
[WhiteElo "2131"]
[BlackElo "2469"]

1.g3 e5 2.c4 Nf6 3.Bg2 d5 4.cxd5 Nxd5 5.Nc3 Nb6 6.Nf3 Nc6 7.O-O Be7 8.a3 Be6
9.b4 Nd4 10.Rb1 Nxf3+ 11.Bxf3 Qc8 12.d4 exd4 13.Qxd4 O-O 14.Ne4 Rd8 15.Qa1 Bg4
16.Bxg4 Qxg4 17.Qe5 Bd6 18.Nxd6 Rxd6 19.f3 Qd7 20.Bb2 f6 21.Qc3 Rd8 22.Qb3+ Qe6
23.Bc1 Nc4 24.Bf4 Rd4 25.Rbc1 b5 26.e4 Rd3 27.Rc3 Qb6+ 28.Kg2 Rxc3 29.Qxc3 g5
30.Bc1 Qd4 31.Qxd4 Rxd4 32.Kf2 Rd3 33.Ke2 Rc3 34.h4 h6 35.hxg5 hxg5 36.g4 c6
37.Rd1 Kf7 38.f4 gxf4 39.Bxf4 Rxa3 40.Rd7+ Ke6 41.Rc7 Ra6 42.Kd3 Ne5+ 43.Kd4 Ra3  0-1

[Event "2nd Lille Open"]
[Site "Lille FRA"]
[Date "2011.04.29"]
[Round "7.1"]
[White "Zhigalko,A"]
[Black "Korneev,O"]
[Result "0-1"]
[WhiteElo "2571"]
[BlackElo "2573"]

1.c4 e5 2.g3 Nf6 3.Bg2 Nc6 4.Nf3 Bc5 5.O-O d6 6.Nc3 a6 7.d3 h6 8.a3 O-O 9.b4 Ba7
10.Bb2 Re8 11.e3 Ne7 12.d4 exd4 13.Nxd4 c6 14.Rc1 Bg4 15.Qd2 Qd7 16.Ne4 Nxe4
17.Bxe4 d5 18.cxd5 Nxd5 19.Qc2 Bxd4 20.Bxd4 Re7 21.f3 Bh3 22.Rfe1 Rae8 23.Rcd1 Qc8
24.Bh7+ Kh8 25.Kf2 Nc7 26.Bd3 Ne6 27.Bc5 Nxc5 28.bxc5 Qc7 29.Qc3 Rd8 30.Bc2 Red7
31.Rxd7 Rxd7 32.Rb1 Qd8 33.Ke2 Be6 34.a4 a5 35.e4 Kg8 36.h4 h5 37.Ke3 Qc7
38.f4 f6 39.Rb6 Qd8 40.Qxa5 Rd4 41.f5 Bf7 42.Bb1 Kh7 43.Qc3 Rxa4 44.Bd3 Qb8
45.Kf2 Qa7 46.e5 Ra3 47.Rxb7 Ra2+ 48.Rb2 Rxb2+ 49.Qxb2 Qxc5+ 50.Kf3 Bd5+
51.Be4 Bxe4+ 52.Kxe4 Qd5+ 53.Kf4 Qc4+ 54.Ke3 Qg4 55.Qg2 fxe5 56.Qxc6 Qxg3+
57.Ke2 Qg4+ 58.Qf3 Qxh4  0-1

[Event "Karlovy Vary Open"]
[Site "Karlovy Vary CZE"]
[Date "2011.04.30"]
[Round "4.12"]
[White "Janousek,Ladislav"]
[Black "Hlavacek,T"]
[Result "0-1"]
[WhiteElo "1696"]
[BlackElo "2015"]

1.c4 e5 2.g3 d6 3.Bg2 g6 4.Nc3 Bg7 5.Nf3 Nf6 6.d3 c6 7.Bg5 h6 8.Bd2 Be6 9.Qb3 Qd7
10.O-O Na6 11.a3 Nc5 12.Qc2 Bh3 13.b4 Bxg2 14.Kxg2 Ne6 15.Rab1 O-O 16.e3 Rfe8
17.b5 Nc7 18.bxc6 Qxc6 19.e4 a6 20.a4 Rab8 21.Rb2 Nd7 22.Rfb1 f5 23.Be3 fxe4
24.Nxe4 d5 25.cxd5 Nxd5 26.Qxc6 Nxe3+ 27.fxe3 bxc6 28.Rxb8 Rxb8 29.Rxb8+ Nxb8
30.Nc5 Kf7 31.Nd2 Bf8 32.Nde4 Bxc5 33.Nxc5 Ke7 34.Kf3 Kd6 35.d4 Kd5 36.Nb3 exd4
37.Nxd4 c5 38.Nc2 Nc6 39.e4+ Kc4 40.Kf4 Kb3 41.Ne3 c4 42.e5 c3 43.e6 c2 44.Nxc2 Kxc2
45.Ke4 Kb3 46.Kd5 Ne7+ 47.Kd6 Nf5+ 48.Ke5 Ng7 49.e7 Kxa4 50.Kf6 Ne8+ 51.Kf7 Nc7
52.Kf6 Kb5 53.Ke5 Kc5  0-1

[Event "Thessaloniki Open A"]
[Site "Thessaloniki GRE"]
[Date "2011.05.01"]
[Round "9.3"]
[White "Mastrovasilis,A"]
[Black "Vujic,M"]
[Result "1-0"]
[WhiteElo "2547"]
[BlackElo "2330"]

1.c4 e5 2.g3 Nc6 3.Nc3 Nf6 4.Bg2 Bc5 5.Nf3 d6 6.d3 O-O 7.O-O h6 8.a3 a5 9.e3 Re8
10.b3 Bf5 11.h3 Bh7 12.Bb2 Nd7 13.Nd5 Nf6 14.Nc3 Nd7 15.Kh2 Ba7 16.Ne1 f5
17.b4 Rb8 18.Nb5 Bb6 19.Qb3 Kh8 20.d4 Bg8 21.Nd3 e4 22.Nf4 Nf6 23.Qc3 d5
24.c5 Ba7 25.Ng6+ Kh7 26.Ne5 Ra8 27.f3 Bb8 28.fxe4 fxe4 29.Qd2 Nxe5 30.dxe5 Nd7
31.Rad1 Nxe5 32.Bxe4+ Kh8 33.c6 bxc6 34.Rf5 Nc4 35.Bxg7+ Kxg7 36.Qc3+ Ne5
37.Nd4 axb4 38.axb4 Ra6 39.Nf3 d4 40.Rxd4 Bd5 41.Nxe5 Ra2+ 42.Bc2 Rxe5 43.Rg4+ Kh7
44.Rf7+ Kh8 45.Qxe5+  1-0

[Event "TCh-ESP Selecciones Autonomicas"]
[Site "Gijon ESP"]
[Date "2011.05.02"]
[Round "6.2"]
[White "Narciso Dublan,M"]
[Black "Anton Guijarro,D"]
[Result "1/2-1/2"]
[WhiteElo "2551"]
[BlackElo "2425"]

1.c4 e5 2.g3 Nc6 3.Nc3 Bc5 4.Bg2 a6 5.e3 d6 6.Nge2 Ba7 7.O-O h5 8.d4 h4 9.b4 hxg3
10.fxg3 Nf6 11.b5 axb5 12.Nxb5 Bh3 13.Bxh3 Rxh3 14.Nec3 Qd7 15.Rb1 Bb6 16.Rb2 Ra5
17.Rd2 Ra6 18.c5 Ba5 19.cxd6 Bxc3 20.dxc7 Bxd2 21.Nd6+ Kf8 22.c8=Q+ Qxc8
23.Nxc8 Bxc1 24.Qxc1 Rxa2 25.Rf2 Rxf2 26.Kxf2 exd4 27.Kg2 Rh5 28.exd4 Rd5
29.Qa3+ Kg8 30.Qa8 Rd8 31.Qxb7 Nxd4 32.Nd6 Rf8 33.h4 Ne6 34.Kh3 Nc5 35.Qe7 Nd3
36.Qe3 Nb4 37.h5 Nbd5 38.Qg5 Kh7 39.Nf5 Rg8 40.Kh4 Ne4 41.Qc1 Ndf6 42.Qc7 Rf8
43.Qe7 Kg8 44.g4 Re8 45.Qa7 Kf8 46.Qa3+ Kg8 47.Ne7+ Kf8 48.Nc6+ Kg8 49.g5 Nh7
50.g6 Nhg5 51.Ne7+ Kh8 52.Qa4 Rf8 53.gxf7 Kh7 54.Qe8 Nf3+ 55.Kh3 Rxf7 56.Ng6 Kh6
57.Kg2 Nd6 58.Qe3+ Kxh5 59.Nf4+ Rxf4 60.Qxf4 Nh4+ 61.Kh3 Ndf5 62.Qg4+ Kh6
63.Qd1 Kg5 64.Qd8+ Kh5 65.Qd3 Kg5 66.Qe2 Ng6 67.Qg2+ Kf6 68.Qd2 Nh6 69.Qb2+ Kf7
70.Kg3 Kf8 71.Kf3 Kf7 72.Ke4 Kf8 73.Kd5 Kf7 74.Kd6 Nf5+ 75.Kc7 Nf8 76.Qf2 Kf6
77.Kd8 g5 78.Qb6+ Ne6+ 79.Kd7 Nd4 80.Qd6 g4 81.Qh2 Kf5 82.Kd6 Ke4 83.Qg2+ Kf4
84.Kd5 Kf5 85.Qe4+ Kg5 86.Qe3+ Kh4 87.Qe4 Kg3 88.Qe1+ Kg2 89.Qd2+ Kf3 90.Qd1+ Kf4
91.Qf1+ Kg3 92.Ke5 Kh2 93.Qf2+ Kh3 94.Qf1+ Kh2 95.Qf2+ Kh3 96.Qf1+  1/2-1/2

[Event "Ostravsky Konik A"]
[Site "Ostrava CZE"]
[Date "2011.05.03"]
[Round "4.22"]
[White "Turner,R"]
[Black "Mudrak,J"]
[Result "1-0"]
[WhiteElo "2138"]
[BlackElo "2363"]

1.c4 e5 2.g3 Nc6 3.Bg2 Nf6 4.Nc3 Bc5 5.e3 O-O 6.a3 a5 7.Nge2 Re8 8.d3 d6
9.O-O Bf5 10.h3 Bb6 11.b3 Qd7 12.Kh2 Nd8 13.Nd5 Nxd5 14.cxd5 c6 15.Nc3 Bg6
16.Bb2 f5 17.Rc1 Rf8 18.Qd2 f4 19.Bf3 Qe7 20.h4 fxe3 21.fxe3 c5 22.Bg4 h5
23.Bh3 Nf7 24.e4 Nh6 25.Qe2 Kh7 26.Rxf8 Rxf8 27.Rf1 Rf7 28.Rxf7 Qxf7 29.Nd1 Bd8
30.Ne3 b5 31.Be6 Qf8 32.Bc1 Be8 33.Kg2 g6 34.Nf1 Qg7 35.Nh2 g5 36.hxg5 Bxg5
37.Bd2 h4 38.g4 Bd8 39.Kh3 Bd7 40.Bxd7 Qxd7 41.Qf3 Qg7 42.Bxh6 Kxh6 43.Qf5 Bg5
44.Nf3 Qe7 45.a4 bxa4 46.bxa4 Qd8 47.Qf7 Qe7 48.Qh5+ Kg7  1-0

[Event "Ostravsky Konik A"]
[Site "Ostrava CZE"]
[Date "2011.05.03"]
[Round "4.8"]
[White "Mitscherling,A"]
[Black "Kislinsky,A"]
[Result "0-1"]
[WhiteElo "2227"]
[BlackElo "2504"]

1.c4 e5 2.g3 g6 3.Nc3 Bg7 4.Bg2 d6 5.e4 Be6 6.d3 Qd7 7.Nge2 Nc6 8.Nd5 Nce7
9.d4 c6 10.Ne3 exd4 11.Nxd4 Bh3 12.Rb1 Bxg2 13.Nxg2 d5 14.exd5 cxd5 15.c5 Nf6
16.O-O O-O 17.b4 a5 18.a3 axb4 19.axb4 Ne4 20.Bb2 Ra2 21.Nf4 Nc6 22.Nxc6 bxc6
23.Bxg7 Kxg7 24.Qd4+ Kg8 25.Rb2 Rfa8 26.Kg2 Qb7 27.Rfb1 Qb5 28.h4 Qc4 29.Ne2 R8a3
30.Qe5 Qd3 31.Qe8+ Kg7 32.Qe5+ Nf6 33.Ng1 Rxb2 34.Qxb2 d4 35.Re1 Nd5 36.Rd1 Qxd1
37.Qxa3 Qd2 38.Nf3 Ne3+ 39.Kh3 Qxf2  0-1

[Event "Ostravsky Konik A"]
[Site "Ostrava CZE"]
[Date "2011.05.08"]
[Round "9"]
[White "Turner,R"]
[Black "Macek,K"]
[Result "1-0"]
[WhiteElo "2138"]
[BlackElo "1974"]

1.c4 e5 2.g3 Nf6 3.Bg2 c6 4.d4 exd4 5.Qxd4 d5 6.cxd5 cxd5 7.Nf3 Nc6 8.Qa4 Bc5
9.O-O O-O 10.Bg5 h6 11.Bxf6 Qxf6 12.Nc3 Be6 13.Rad1 Rad8 14.Ne1 Bd4 15.Qc2 Bxc3
16.bxc3 Rc8 17.Qd2 Ne5 18.Qd4 b6 19.f4 Ng4 20.f5 Bxf5 21.Qxf6 gxf6 22.Rxf5 Ne3
23.Rfxd5 Nxd1 24.Rxd1 Rxc3 25.Bd5 Rfc8 26.Kf2 Kf8 27.Bb3 Ke7 28.Rd4 R8c5
29.Nd3 Rf5+ 30.Nf4 Rc1 31.g4  1-0

[Event "Sten Open"]
[Site "Hradec Kralove CZE"]
[Date "2011.05.12"]
[Round "5"]
[White "Golcman,E"]
[Black "Braun,Mare"]
[Result "0-1"]
[WhiteElo "2292"]
[BlackElo "2124"]

1.c4 e5 2.g3 d6 3.Bg2 f5 4.Nf3 Be7 5.d3 Nf6 6.O-O O-O 7.c5 Nc6 8.cxd6 cxd6
9.b4 a6 10.Nc3 Kh8 11.a3 Be6 12.e4 Rc8 13.Bb2 Nd7 14.Re1 Nb6 15.Rc1 Bf6 16.Na4 fxe4
17.Rxe4 Nxa4 18.Qxa4 Bg5 19.Nxg5 Qxg5 20.f4 Qh6 21.fxe5 Bd5 22.Re2 Nd4 23.Ree1 Rxc1
24.Bxc1 Ne2+ 25.Kh1 Nxg3+ 26.Kg1 Ne2+ 27.Kh1 Bxg2+ 28.Kxg2 Qg6+ 29.Kh1 Qxd3  0-1

[Event "Sten Open"]
[Site "Hradec Kralove CZE"]
[Date "2011.05.12"]
[Round "6"]
[White "Plischki,S"]
[Black "Braun,Mare"]
[Result "1-0"]
[WhiteElo "2332"]
[BlackElo "2124"]

1.c4 e5 2.g3 d6 3.Nc3 f5 4.d4 Be7 5.Bh3 exd4 6.Qxd4 Bf6 7.Qd2 Ne7 8.Bg2 O-O
9.Nh3 Nbc6 10.O-O Ne5 11.Nf4 Qe8 12.b3 Kh8 13.Bb2 N7c6 14.Nfd5 Bd8 15.Rae1 Qf7
16.f4 Ng4 17.e4 Be6 18.h3 Nh6 19.Re2 Ng8 20.exf5 Bxf5 21.g4 Bd7 22.Ne4 h6
23.Qc3 Nce7 24.Ng5 Qg6 25.Be4 Nxd5 26.cxd5 Bf6 27.Qc2 Qe8 28.Bf3  1-0

[Event "Sean Reader Memorial"]
[Site "Los Angeles USA"]
[Date "2011.05.14"]
[Round "7"]
[White "Banawa,Joe"]
[Black "Taylor,T"]
[Result "1-0"]
[WhiteElo "2399"]
[BlackElo "2296"]

1.c4 e5 2.g3 Nf6 3.Bg2 Nc6 4.Nc3 Bc5 5.d3 h6 6.e3 d6 7.Nge2 a6 8.a3 O-O 9.O-O Bf5
10.h3 Qd7 11.Kh2 Rae8 12.b4 Ba7 13.e4 Bh7 14.Be3 Bxe3 15.fxe3 Ne7 16.g4 b5
17.Ng3 Bg6 18.cxb5 axb5 19.d4 Nc8 20.Rxf6 gxf6 21.Nd5 Re6 22.Qf1 Qd8 23.Rc1 exd4
24.exd4 Nb6 25.Nxc7 Nc4 26.Nd5 h5 27.Qf4 hxg4 28.Rg1 Nb6 29.Qxg4 Nxd5 30.exd5 Re3
31.Be4 Qe8 32.Qf4 f5 33.Qxe3 fxe4 34.Nh5 Qc8 35.Qh6 Qc2+ 36.Kh1  1-0

[Event "6th Paradiso Amateur Open"]
[Site "Paradiso SUI"]
[Date "2011.05.14"]
[Round "2.4"]
[White "Salvetti,A"]
[Black "Borin,F"]
[Result "0-1"]
[WhiteElo "2266"]
[BlackElo "2114"]

1.c4 e5 2.g3 Nc6 3.Bg2 f5 4.Nc3 Nf6 5.d3 Bb4 6.Bd2 O-O 7.Nf3 d6 8.O-O Bxc3
9.Bxc3 Qe8 10.e3 a5 11.b3 f4 12.exf4 exf4 13.Qd2 Qh5 14.h4 Bg4 15.Nh2 f3
16.Bh1 h6 17.Qd1 Nd7 18.Re1 Rf7 19.Re4 Bh3 20.Bxf3 Qc5 21.d4 Qb6 22.Bh5 Rff8
23.Ng4 a4 24.f4 axb3 25.axb3 Rxa1 26.Bxa1 Qa5 27.Nf2 Bf5 28.Re1 Nf6 29.Bf3 Bc2
30.Qc1 Bxb3 31.Re3 Ba4 32.d5 Nb8 33.Bc3 Qc5 34.Re7 Re8 35.Bxf6 gxf6 36.Rxe8+ Bxe8
37.Kg2 Bb5 38.Qb1 Qxc4 39.Qg6+ Kh8 40.Qxh6+ Kg8 41.Qg6+ Kf8 42.Qxf6+ Kg8
43.Qg6+ Kf8 44.Qf5+ Kg8 45.Qg4+ Kf8 46.Qf5+ Kg8 47.Qe6+ Kh8 48.Bh5 Nd7 49.Qh6+  0-1

[Event "4th Marko Jaric Mem"]
[Site "Stari Mikanovci CRO"]
[Date "2011.05.14"]
[Round "9"]
[White "Cvitan,O"]
[Black "Rogic,D"]
[Result "1-0"]
[WhiteElo "2498"]
[BlackElo "2581"]

1.c4 e5 2.g3 Nf6 3.Bg2 d5 4.cxd5 Nxd5 5.Nc3 Nb6 6.Nf3 Nc6 7.O-O Be7 8.a3 O-O
9.b4 a6 10.d3 Re8 11.Rb1 Bf8 12.Ne4 Nd5 13.Bd2 Nd4 14.Nxd4 exd4 15.Qb3 c6
16.Rfe1 h6 17.Rbc1 g6 18.a4 Qb6 19.Rc4 Be6 20.a5 Qa7 21.Nc5 Bxc5 22.bxc5 Nc3
23.e4 Bxc4 24.Qxc4 Rad8 25.Bf4 Nb5 26.h4 h5 27.Bh3 Nc3 28.Bc7 Rd5 29.Bb6 Qb8
30.Rf1 Rde5 31.f4 R5e7 32.Kh2 Nb5 33.Kg2 Kg7 34.f5 f6 35.fxg6 Rf8 36.Qc1 Qe8
37.Bf5 Re5 38.Rf2 Qe7 39.Qf4 Rh8 40.g4 hxg4 41.Qxg4 Nc7 42.h5 Ne6 43.Bxe6 Qxe6
44.Rf5 Rxf5 45.exf5 Qe3 46.Bc7 Qd2+ 47.Kg1 Re8 48.Bg3 Re3 49.h6+ Kg8 50.h7+ Kg7
51.h8=Q+  1-0

[Event "20th Croatian Cup"]
[Site "Sibenik CRO"]
[Date "2011.05.19"]
[Round "3.114"]
[White "Nikolic,E"]
[Black "Krsnik Cohar,I"]
[Result "1-0"]
[WhiteElo "2189"]
[BlackElo "1901"]

1.c4 e5 2.g3 f5 3.Bg2 Nc6 4.Nc3 Nf6 5.d3 Bb4 6.Bd2 Bxc3 7.Bxc3 d6 8.Nf3 O-O
9.O-O Be6 10.b4 h6 11.b5 Ne7 12.Nd2 c6 13.a4 Qc7 14.Rc1 d5 15.cxd5 Nfxd5
16.Bb2 Rad8 17.Ba3 Rf7 18.Qc2 Qd7 19.Nc4 Qc7 20.Bb2 Ng6 21.h4 cxb5 22.axb5 f4
23.h5 Nge7 24.Bxe5 Qd7 25.Nd6 Rff8 26.Qb2 Nf5 27.Ne4 fxg3 28.Nxg3 Nh4 29.Be4 Qf7
30.Kh2 Nf5 31.Bxf5 Bxf5 32.e4 Qe7 33.exf5 Qh4+ 34.Kg2 Rde8 35.Qd4 Qxd4 36.Bxd4 Nf4+
37.Kf3 Nxd3 38.Rc7 Rf7 39.Rxf7 Kxf7 40.Rd1  1-0

[Event "TCh-UKR Clubs 2011"]
[Site "Alushta UKR"]
[Date "2011.05.20"]
[Round "8.1"]
[White "Kusnetsov,I"]
[Black "Brusilovskiy,B"]
[Result "1-0"]
[WhiteElo "2125"]
[BlackElo "2081"]

1.g3 e5 2.c4 Nf6 3.Bg2 Be7 4.Nc3 O-O 5.Rb1 c6 6.d4 exd4 7.Qxd4 d5 8.cxd5 cxd5
9.Nxd5 Nxd5 10.Qxd5 Bb4+ 11.Kf1 Nc6 12.Bg5 Qb6 13.Bh3 Be6 14.Bxe6 fxe6 15.Qxe6+ Kh8
16.Be3 Qb5 17.Kg2 Rae8 18.Qb3 Na5 19.Qd3 Nc4 20.Bd4 Qc6+ 21.Nf3 b5 22.Rhd1 Qe6
23.b3 Nd6 24.a3 Bxa3 25.Ra1 Bb4 26.Rxa7 Nf5 27.Be5 Bc5 28.Rb7 b4 29.Qd5 Qxd5
30.Rxd5 Be7 31.e4 Nh6 32.Rdd7 Rf7 33.h3 Kg8 34.Bf4 Bf8 35.Bxh6 Rxd7 36.Rxd7 gxh6
37.e5 Be7 38.Nd4 Bc5 39.f4 Ra8 40.Ne6 Be3 41.Rg7+ Kh8 42.Rb7 Bd2 43.Rd7 Bc3
44.Nd8 Rxd8 45.Rxd8+ Kg7 46.Kf3 h5 47.Ke4  1-0

[Event "20th Croatian Cup"]
[Site "Sibenik CRO"]
[Date "2011.05.20"]
[Round "4.81"]
[White "Franciskovic,B"]
[Black "Biti,O"]
[Result "1/2-1/2"]
[WhiteElo "2287"]
[BlackElo "2378"]

1.c4 e5 2.g3 Nc6 3.Bg2 f5 4.Nc3 Nf6 5.e3 d5 6.Nxd5 Nxd5 7.cxd5 Nb4 8.d3 Nxd5
9.Nf3 Bd6 10.O-O Nf6 11.Qb3 Qe7 12.e4  1/2-1/2

[Event "XXX Zalakaros Open"]
[Site "Zalakaros HUN"]
[Date "2011.05.20"]
[Round "1"]
[White "Videki,S"]
[Black "Gledura,B"]
[Result "1-0"]
[WhiteElo "2457"]
[BlackElo "2176"]

1.c4 e5 2.g3 Nc6 3.Nc3 g6 4.Bg2 Bg7 5.e4 d6 6.Nge2 Be6 7.d3 Qd7 8.Nd5 Nce7
9.d4 Nc6 10.Be3 exd4 11.Nxd4 Ne5 12.Rc1 c5 13.Nxe6 fxe6 14.Bh3 O-O-O 15.Nf4 Re8
16.Nxe6 Nf6 17.Nf4 Neg4 18.f3 Kb8 19.Qe2 Qc6 20.fxg4 Qxe4 21.Kd2 Qe5 22.Nd3 Ne4+
23.Kd1 Qe7 24.Re1 Qc7 25.Bg2 Qa5 26.Bxe4 Rxe4 27.Bd2 Rxe2 28.Bxa5 Rxh2 29.Rc2 Rh3
30.Rg2  1-0

[Event "XXX Zalakaros Open"]
[Site "Zalakaros HUN"]
[Date "2011.05.20"]
[Round "1"]
[White "Fodor,T jr"]
[Black "Kincs,I"]
[Result "1-0"]
[WhiteElo "2450"]
[BlackElo "2159"]

1.c4 e5 2.g3 Nc6 3.Bg2 Nf6 4.Nc3 d6 5.Nf3 Be6 6.d3 h6 7.O-O Qd7 8.Re1 g5
9.Rb1 O-O-O 10.b4 Kb8 11.b5 Nd4 12.Be3 Nf5 13.Bxa7+ Kxa7 14.b6+ cxb6 15.Nb5+ Kb8
16.Qa4 Qc6 17.Qa7+ Kc8 18.Nxe5 Qxg2+ 19.Kxg2 dxe5 20.Qa8+ Kd7 21.Qxb7+  1-0

[Event "TCh-UKR Clubs 2011"]
[Site "Alushta UKR"]
[Date "2011.05.21"]
[Round "9.5"]
[White "Kusnetsov,Sergey"]
[Black "Reutov,An"]
[Result "1-0"]
[WhiteElo "2305"]
[BlackElo "2206"]

1.c4 e5 2.g3 d6 3.Bg2 f5 4.Nc3 c6 5.d4 e4 6.Nh3 Nf6 7.O-O Be7 8.f3 exf3 9.exf3 O-O
10.Re1 Na6 11.Qd3 Ne8 12.Be3 Bf6 13.Rad1 g6 14.a3 Nac7 15.b4 Be6 16.Bh6 Ng7
17.Nf4 Bf7 18.d5 g5 19.Ne6 Bxe6 20.dxe6 Ncxe6 21.Bh3 Bxc3 22.Qxc3 Qf6 23.Bxg7 Nxg7
24.Qxf6 Rxf6 25.Re7 Rb8 26.b5 Kf8 27.Rd7 cxb5 28.cxb5 h5 29.f4 gxf4 30.gxf4 Rg6+
31.Kf2 Ke8 32.R1xd6 Rxd6 33.Rxd6 Ke7 34.Rg6 Kf7 35.Rh6 Rc8 36.Bg2 Rc3 37.Bxb7 Rxa3
38.Bd5+ Ke7 39.Rg6 Ne8 40.Re6+ Kd7 41.Rh6 Nd6 42.Bc6+ Ke7 43.Rxh5 Ra5 44.Kg3 Nxb5
45.Rxf5 Ra3+ 46.Kg4 Nc7 47.Rh5 Rc3 48.Be4 Rc4 49.Re5+ Kf6 50.h4 Rc1 51.Rf5+ Ke7
52.Ra5 a6 53.Kf5 Ne8 54.Rxa6 Nd6+ 55.Ke5 Nxe4 56.Ra7+ Kf8 57.Kxe4 Rh1 58.Kf5 Rxh4
59.Kg5 Rh1 60.Kg6 Rb1 61.f5 Rb6+ 62.f6  1-0

[Event "XXVI Felix Cup"]
[Site "Baile Felix ROU"]
[Date "2011.05.21"]
[Round "2.4"]
[White "Pozsonyi,I"]
[Black "Petrisor,A"]
[Result "0-1"]
[WhiteElo "2040"]
[BlackElo "2402"]

1.c4 e5 2.g3 Nf6 3.Bg2 c6 4.Nf3 e4 5.Nd4 d5 6.cxd5 Qb6 7.Nb3 a5 8.a4 cxd5
9.d4 Bb4+ 10.Nc3 O-O 11.O-O Bg4 12.f3 exf3 13.exf3 Bf5 14.Be3 Nbd7 15.Bf2 Rfe8
16.Re1 Rxe1+ 17.Bxe1 Ne5 18.g4 Be6 19.Bf2 Nc4 20.Qc2 h6 21.Nc5 Bxc5 22.dxc5 Qxb2
23.Qxb2 Nxb2  0-1

[Event "XXVI Felix Cup"]
[Site "Baile Felix ROU"]
[Date "2011.05.21"]
[Round "3.8"]
[White "Uta,Ad"]
[Black "Bonte,An"]
[Result "0-1"]
[WhiteElo "2099"]
[BlackElo "2323"]

1.c4 e5 2.g3 Nf6 3.Bg2 d5 4.cxd5 Nxd5 5.Nc3 Nb6 6.Nf3 Nc6 7.O-O Be7 8.d3 O-O
9.Bd2 Be6 10.Rc1 Qd7 11.Ng5 Bxg5 12.Bxg5 f6 13.Bd2 Rab8 14.Ne4 Bd5 15.a4 Nd4
16.Nc5 Qf7 17.a5 Bxg2 18.Kxg2 Nd7 19.b4 Nxc5 20.Rxc5 b6 21.Rc4 bxa5 22.bxa5 Qd5+
23.e4 Qd6 24.Qa4 c5 25.Be3 f5 26.Bxd4 exd4 27.exf5 Rxf5 28.Qc2 Qd5+ 29.Kg1 Rbf8
30.Ra4 Kh8 31.Qc4 Qf3 32.Qc2 Re5 33.Ra2 Qf5 34.a6 h5 35.Rc1 Qe6 36.f4 Re3
37.Qxc5 Re8 38.Qxh5+ Kg8 39.Rac2 Rxd3  0-1

[Event "20th Croatian Cup"]
[Site "Sibenik CRO"]
[Date "2011.05.21"]
[Round "5.54"]
[White "Nikolic,E"]
[Black "Drmic,T"]
[Result "1-0"]
[WhiteElo "2189"]
[BlackElo "2280"]

1.c4 e5 2.g3 Nf6 3.Bg2 d5 4.cxd5 Nxd5 5.Nc3 Nb6 6.Nf3 Nc6 7.O-O Be7 8.a3 Be6
9.b4 f6 10.d3 Qd7 11.Re1 g5 12.h4 gxh4 13.Nxh4 O-O-O 14.Ne4 Bh3 15.Bh1 Rdg8
16.Kh2 Be6 17.Bg2 f5 18.Nc5 Bxc5 19.bxc5 Nd5 20.e4 Nf6 21.exf5 Bxf5 22.Qa4 Bxd3
23.Bb2 Rg5 24.Rad1 Rd8 25.Bh3 Ng4+ 26.Kg1 h5 27.f3 Qe7 28.Rc1 e4 29.fxg4 hxg4
30.Bf1 Rxc5 31.Ng6 Qd6 32.Nf4 Ne5 33.Bxe5 Rxe5 34.Qxa7 b6 35.Qa8+ Kd7 36.Qa4+ b5
37.Qd1 Qd4+ 38.Kg2 Bxf1+ 39.Kxf1 Qxd1 40.Rexd1+ Kc8 41.Rxd8+ Kxd8 42.Ke2 Kd7
43.Ke3 c5 44.Rh1 Kc7 45.Rh6 Kb7 46.Re6 Rg5 47.Kxe4 b4 48.axb4 cxb4 49.Nd5 Ka7
50.Nxb4 Rc5 51.Nd3  1-0

[Event "XXX Zalakaros Open"]
[Site "Zalakaros HUN"]
[Date "2011.05.21"]
[Round "2"]
[White "Czebe,A"]
[Black "Kernazhitsky,L"]
[Result "1-0"]
[WhiteElo "2473"]
[BlackElo "2296"]

1.c4 e5 2.g3 Nf6 3.Bg2 d5 4.cxd5 Nxd5 5.Nc3 Nb6 6.Nf3 Nc6 7.O-O Be7 8.Rb1 a5
9.d3 Be6 10.Be3 O-O 11.Rc1 f6 12.d4 exd4 13.Nxd4 Nxd4 14.Qxd4 Qxd4 15.Bxd4 c5
16.Be3 Nc4 17.Nd5 Nxe3 18.Nxe7+ Kf7 19.fxe3 Kxe7 20.Rxc5 Rfc8 21.Rb5 Rc7
22.a3 Bd7 23.Rb6 Ra6 24.Rxa6 bxa6 25.Be4 h6 26.Rd1 Be6 27.Kf2 Rc5 28.Bd3 Rc6
29.Ke1 Bb3 30.Rd2 a4 31.Bf5 Rc1+ 32.Kf2 Rc7 33.Rd4 a5 34.h4 Rc5 35.Bd7 Rd5
36.Rxd5 Bxd5 37.Bxa4 Kd6 38.Bc2 Ke5 39.Ke1 f5 40.Kd2 g5 41.Kc3  1-0

[Event "XXX Zalakaros Open"]
[Site "Zalakaros HUN"]
[Date "2011.05.22"]
[Round "3"]
[White "Videki,S"]
[Black "Czebe,A"]
[Result "1/2-1/2"]
[WhiteElo "2457"]
[BlackElo "2473"]

1.c4 e5 2.g3 Nf6 3.Bg2 d5 4.cxd5 Nxd5 5.Nc3 Nb6 6.Nf3 Nc6 7.O-O Be7 8.a3 a5
9.d3 O-O 10.Be3 Re8 11.Rc1 Bf8 12.Na4 Nxa4 13.Qxa4 Bd7 14.Qb3 Nd4 15.Nxd4 exd4
16.Bxd4 Be6 17.Qc3 c6 18.e4 a4 19.f4 Ra5 20.f5 Bb3 21.Be3 Rb5 22.Qd2 f6 23.Bf3 Qa5
24.Qxa5 Rxa5 25.Rc3 Rb5 26.Rfc1 Ba2 27.R1c2 Bd6 28.Bf4 Rd8 29.Bxd6 Rxd6 30.Kf2 Bb3
31.Rd2 c5 32.Ke3 Ra5 33.Be2 b6 34.d4 Kf8 35.Bc4 Bxc4 36.Rxc4 Ke7 37.Rdc2 Rc6
38.Kf4 Rc8 39.dxc5 bxc5 40.e5 fxe5+ 41.Kxe5 Rb8 42.Rxc5 Rxc5+ 43.Rxc5 Rxb2
44.Rc7+ Kf8 45.Rc4 Rxh2 46.Rxa4 h5 47.Re4 Rh3 48.Kf4 h4 49.Re3 hxg3 50.Rxg3 Rh4+
51.Rg4 Rh3 52.a4 Rh1 53.Ke5 Ra1 54.Rd4 Ke7 55.Rb4 Re1+ 56.Kf4 Kf6 57.Rb6+ Kf7
58.Rb4 Kf6 59.Kg4 Rg1+ 60.Kf3 Kxf5 61.Rb5+ Kf6 62.Rb4  1/2-1/2

[Event "XXX Zalakaros Open"]
[Site "Zalakaros HUN"]
[Date "2011.05.22"]
[Round "3"]
[White "Ianov,V"]
[Black "Chernyshov,K"]
[Result "1/2-1/2"]
[WhiteElo "2301"]
[BlackElo "2564"]

1.g3 e5 2.c4 f5 3.Bg2 Nf6 4.d3 c6 5.Nf3 Bb4+ 6.Nfd2 a5 7.a3 Be7 8.Nc3 O-O
9.O-O d6 10.Rb1 Be6 11.b4 axb4 12.axb4 Nbd7 13.b5 Qc7 14.Bb2 Rfb8 15.Ra1 d5
16.bxc6 bxc6 17.Rxa8 Rxa8 18.Qc2 Ra6 19.Rc1 d4 20.Nd1 Qa7 21.Nb3 c5 22.e3 Bd6
23.Rb1 Kf7 24.exd4 exd4 25.Qe2 Qb8 26.Ra1 Rxa1 27.Nxa1 f4 28.Nc2 fxg3 29.hxg3 Bxg3
30.fxg3 Bg4 31.Bd5+ Kf8 32.Qf2 Bxd1 33.Nxd4 cxd4 34.Bxd4 Qb1 35.Bc5+ Ke8
36.Qe1+ Kd8 37.Qa5+ Ke8  1/2-1/2

[Event "XXVI Felix Cup"]
[Site "Baile Felix ROU"]
[Date "2011.05.23"]
[Round "6.9"]
[White "Pop,A"]
[Black "Hristodorescu,D"]
[Result "0-1"]
[WhiteElo "2111"]
[BlackElo "2204"]

1.c4 e5 2.g3 Nf6 3.Bg2 c6 4.d4 Bb4+ 5.Bd2 Bxd2+ 6.Qxd2 d6 7.e3 O-O 8.Ne2 Bg4
9.Nbc3 Nbd7 10.h3 Bxe2 11.Nxe2 Qb6 12.O-O Rfe8 13.g4 h6 14.Ng3 d5 15.c5 Qc7
16.f4 exd4 17.exd4 g6 18.Qf2 Re7 19.Rac1 Rae8 20.Rc3 Nf8 21.g5 hxg5 22.fxg5 Ne4
23.Bxe4 dxe4 24.Re3 Qd7 25.Kh2 Qxd4 26.Nxe4 Nd7 27.Qf4 Kg7 28.h4 Qxb2+ 29.Rf2 Qe5
30.Qxe5+ Nxe5 31.Nf6 Ng4+ 32.Nxg4 Rxe3 33.Nxe3 Rxe3 34.Rb2 Ra3 35.Rxb7 Rxa2+
36.Kg3 Ra3+ 37.Kf4 Ra5 38.Rc7 Rxc5 39.Rxa7 Rc4+ 40.Kg3 Rc1 41.Rc7 c5 42.Kf3 c4
43.Ke3 c3 44.Kd3 Rd1+ 45.Kc2 Rh1 46.Rxc3 Rxh4 47.Kd2 Rh2+ 48.Ke1 Rg2 49.Rc5 Kf8
50.Kf1 Ra2 51.Re5 Rb2 52.Kg1 Ra2 53.Kf1 Rh2 54.Kg1 Rh5 55.Ra5 f5 56.Ra8+ Ke7  0-1

[Event "ch-Siberia Men"]
[Site "Barnaul RUS"]
[Date "2011.05.23"]
[Round "4"]
[White "Maletin,P"]
[Black "Sergeev,Alb"]
[Result "1-0"]
[WhiteElo "2570"]
[BlackElo "2323"]

1.c4 e5 2.g3 Nc6 3.Nc3 g6 4.Bg2 Bg7 5.e4 d6 6.Nge2 Nge7 7.O-O O-O 8.d3 Bg4
9.f3 Be6 10.Nd5 Qd7 11.Be3 f5 12.Qd2 Rae8 13.Rae1 a6 14.b3 Kh8 15.Kh1 Ng8
16.Bg1 Nge7 17.Ndc3 Nd4 18.Nxd4 exd4 19.Nd5 Nxd5 20.cxd5 Bg8 21.Qb2 c5 22.dxc6 bxc6
23.Bxd4 c5 24.Bxg7+ Qxg7 25.Qxg7+ Kxg7 26.f4 Kf6 27.Kg1 a5 28.Rd1 Re7 29.Rf2 Rb8
30.exf5 gxf5 31.d4 c4 32.bxc4 Bxc4 33.Rc1 Rb4 34.a3  1-0

[Event "XXX Zalakaros Open"]
[Site "Zalakaros HUN"]
[Date "2011.05.23"]
[Round "4"]
[White "Juhasz,Kr"]
[Black "Medvegyne Balogh,E"]
[Result "1-0"]
[WhiteElo "2301"]
[BlackElo "2118"]

1.c4 e5 2.g3 Nc6 3.Nc3 g6 4.Bg2 Bg7 5.e4 Nge7 6.Nge2 d6 7.d3 Be6 8.O-O Qd7
9.Nd5 O-O 10.Bg5 f6 11.Be3 Nd8 12.d4 f5 13.dxe5 Bxe5 14.Nxe7+ Qxe7 15.exf5 Bxf5
16.Nd4 Bd7 17.Re1 Qg7 18.Qd2 g5 19.Rad1 Nc6 20.Nxc6 Bxc6 21.Bxc6 bxc6 22.Bxg5 Rfe8
23.Bh6 Qf6 24.Re4 Bxb2 25.Rg4+ Kh8 26.Bg7+ Qxg7 27.Rxg7 Bxg7 28.Re1 Kg8 29.Rxe8+ Rxe8
30.Qa5 Bd4 31.Qxc7 Bc5 32.Kf1 Re4 33.Qxc6 Rd4 34.Qe8+ Kg7 35.Qe2 Kf6 36.h4 Kg6
37.Kg2 a5 38.f4 Bb4 39.Qe6+ Kg7 40.h5  1-0

[Event "Zonal 3.3"]
[Site "Tagaytay City PHI"]
[Date "2011.05.24"]
[Round "1"]
[White "Garcia,Jan"]
[Black "Antonio,R"]
[Result "1/2-1/2"]
[WhiteElo "2344"]
[BlackElo "2589"]

1.c4 e5 2.g3 Nf6 3.Bg2 d5 4.cxd5 Nxd5 5.Nc3 Nb6 6.Nf3 Nc6 7.O-O Be7 8.d3 O-O
9.a3 Be6 10.b4 a5 11.b5 Nd4 12.Nd2 c6 13.bxc6 bxc6 14.Bb2 a4 15.e3 Nb3 16.Nxb3 Bxb3
17.Qe2 Rc8 18.Rfc1 c5 19.Ne4 c4 20.Bf1 f6 21.Nd2 cxd3 22.Qxd3 Qxd3 23.Bxd3 Bf7
24.Rxc8 Rxc8 25.Kf1 Nd7 26.Rc1 Rb8 27.Rc2 Nc5 28.Bc4 Bxc4+ 29.Nxc4 Nd3 30.Ke2 e4
31.f3 f5 32.fxe4 fxe4 33.Bd4 Rb1 34.Nb2 Nxb2 35.Rxb2 Rxb2+ 36.Bxb2 Bd6 37.Kd2 Kf7
38.Kc3 Be5+ 39.Kc2 Bd6 40.Kc3 Bc5 41.Bc1 Ke6 42.Kc4 Kd6 43.Kb5 Kd5 44.g4 g6
45.h3 h6 46.Bd2  1/2-1/2